Chudoba a exklúzia - program ich riešenia

Chudoba a sociálne vylúčenie ako európsky problém. Snaha eliminácie chudoby v krajinách EÚ. Chudoba a sociálne vylúčenie ako problém v Slovenskej republike. Skutočnosti ovplyvňujúce situáciu v SR. Koncepcia sociálnej inklúzie.

Saved in:
Bibliographic Details
Main Author: Valná, Silvia
Format: Book Chapter
Language:Slovak
Subjects:
Tags: Add Tag
No Tags, Be the first to tag this record!

MARC

LEADER 00000naa a2200000 4500
001 r046056
005 20230807083739.3
041 0 |a slo 
044 |a SK 
245 1 0 |a Chudoba a exklúzia - program ich riešenia  |c Silvia Valná 
520 |a Chudoba a sociálne vylúčenie ako európsky problém. Snaha eliminácie chudoby v krajinách EÚ. Chudoba a sociálne vylúčenie ako problém v Slovenskej republike. Skutočnosti ovplyvňujúce situáciu v SR. Koncepcia sociálnej inklúzie. 
610 2 0 |a chudoba 
610 2 0 |a chudobní 
610 2 0 |a postavenie sociálne 
610 2 0 |a Európska únia 
610 2 0 |a Slovensko 
100 1 |a Valná, Silvia